Sports Quiz

Random Sports or Rugby Quiz

2001 Super 12 Rugby Final Lineups Quiz Stats

 Plays Quiz not verified by Sporcle

Challenge
Share
Tweet
Embed
Score 0/44 Timer 07:00
0 Plays Today
Team Player % Correct
ACT BrumbiesGeorge Gregan
95.2%
ACT BrumbiesStephen Larkham
92.9%
ACT BrumbiesJoe Roff
88.1%
Coastal SharksJohn Smit
81%
ACT BrumbiesGeorge Smith
78.6%
ACT BrumbiesJeremy Paul
59.5%
ACT BrumbiesJustin Harrison
50%
Coastal SharksButch James
47.6%
ACT BrumbiesDavid Giffin
45.2%
ACT BrumbiesBill Young
45.2%
Coastal SharksStefan Terblanche
42.9%
Coastal SharksAJ Venter
42.9%
ACT BrumbiesAndrew Walker
40.5%
ACT BrumbiesRod Kafer
38.1%
ACT BrumbiesJim Williams
28.6%
ACT BrumbiesBen Darwin
28.6%
Coastal SharksMark Andrews
28.6%
Coastal SharksAlbert van den Berg
28.6%
ACT BrumbiesRadike Samo
26.2%
Coastal SharksCraig Davidson
23.8%
ACT BrumbiesMark Bartholomeusz
21.4%
Coastal SharksDeon Kayser
21.4%
Team Player % Correct
ACT BrumbiesGraeme Bond
19%
Coastal SharksStefan Halstead
19%
Coastal SharksWarren Britz
16.7%
Coastal SharksJustin Swart
14.3%
Coastal SharksCharl van Rensburg
14.3%
Coastal SharksOllie le Roux
14.3%
Coastal SharksGaffie du Toit
14.3%
Coastal SharksRicardo Loubscher
11.9%
Coastal SharksEtienne Fynn
11.9%
Coastal SharksAndre Snyman
11.9%
Coastal SharksLukas Van Biljon
9.5%
Coastal SharksBrent Moyle
9.5%
ACT BrumbiesJames Holbeck
7.1%
ACT BrumbiesPeter Ryan
4.8%
ACT BrumbiesMatt Weaver
4.8%
ACT BrumbiesDavid Pusey
4.8%
ACT BrumbiesTravis Hall
4.8%
Coastal SharksShawn Sowerby
4.8%
ACT BrumbiesTom Murphy
2.4%
Coastal SharksBrad McLeod-Henderson
2.4%
Coastal SharksHentie Martens
2.4%
ACT BrumbiesCraig McMullin
0%

You're not logged in!

Compare scores with friends on all Sporcle quizzes.
OR
Log In

You Might Also Like...

Show Comments

Extras

Top Quizzes Today


Score Distribution

Your Account Isn't Verified!

In order to create a playlist on Sporcle, you need to verify the email address you used during registration. Go to your Sporcle Settings to finish the process.

Report this User

Report this user for behavior that violates our Community Guidelines.

Details: